| 000 | 00639nam a2200265Ia 4500 | ||
|---|---|---|---|
| 005 | 20260121165000.0 | ||
| 008 | 008 260114s9999 xx 000 0 eng d | ||
| 020 | _a9781137456205 | ||
| 037 | _aEBOOK | ||
| 040 | _aCRL | ||
| 040 | _beng | ||
| 040 | _cCRL | ||
| 041 | _2eng | ||
| 041 | _aeng | ||
| 084 | _qCRL | ||
| 100 |
_aKim Sadique, Perry Stanislas _91046066 |
||
| 245 | 0 | _aReligion, Faith and Crime | |
| 260 | _bSpringer | ||
| 260 | _bSpringer | ||
| 260 | _c2016 | ||
| 856 | _uhttps://link.springer.com/openurl?genre=book&isbn=978-1-137-45620-5 | ||
| 942 | _cEBOOK | ||
| 999 |
_c1611790 _d1611790 |
||